Statistics for Biggest city in the Lubusz Voivodeship, Poland (Największe miasta województwa lubuskiego)

Click here to take the quiz!

General Stats

  • This quiz has been taken 422 times
  • The average score is 10 of 20

Answer Stats

PopulationCity% Correct
119.197Zielona Góra
99%
124.554Gorzów Wielkopolski
97%
39.239Żary
72%
40.240Nowa Sól
69%
22.138Świebodzin
66%
26.664Żagań
64%
18.700Międzyrzecz
54%
17.046Słubice
51%
18.111Kostrzyn nad Odrą
50%
17.642Sulechów
48%
12.067Krosno Odrzańskie
47%
17.036Gubin
43%
10.270Sulęcin
39%
14.418Wschowa
38%
10.565Drezdenko
35%
10.242Strzelce Krajeńskie
34%
12.531Szprotawa
27%
14.731Lubsko
26%
9.784Kożuchów
25%
9.969Skwierzyna
24%

Score Distribution

Percentile by Number Answered

Percent of People with Each Score

Your Score History

You have not taken this quiz